000 00386nam a2200145 i 4500
001 146824
003 ES-MaACL
007 t|
008 070918m19191921fr ||||1| fre d
100 1 _aTruchy, Henri.
_9111542
245 1 0 _aCours d'Economie politique /
_cHenri Truchy.
260 _a[Bordeaux :
_bCadoret],
_c1919-1921.
300 _a2 v. ;
_c23 cm.
852 _aES-MaACL
_jB-5313-14
999 _c146824
_d146824